The indispensable PC hardware book

Gardado en:
Detalles Bibliográficos
Autor Principal: Hans Peter Messmer
Formato: Libro
Idioma:Undetermined
Publicado: Boston, MA Addison-Wesley 2002
Những chủ đề:
Các nhãn: Engadir etiqueta
Sen Etiquetas, Sexa o primeiro en etiquetar este rexistro!
Thư viện lưu trữ: Trung tâm Học liệu Trường Đại học Cần Thơ
LEADER 00536nam a2200193Ia 4500
001 CTU_57334
008 210402s9999 xx 000 0 und d
020 |b 928000 
082 |a 004.165 
082 |b M583 
100 |a Hans Peter Messmer 
245 4 |a The indispensable PC hardware book 
245 0 |c Hans Peter Messmer 
260 |a Boston, MA 
260 |b Addison-Wesley 
260 |c 2002 
650 |a computer input-output equipment,microcomputers 
904 |i Minh 
980 |a Trung tâm Học liệu Trường Đại học Cần Thơ